000
00273nam a22001217a 4500
008
190223b xxu||||| |||| 00| 0 eng d
041
_a
eng
080
_a
941
100
_a
16
101
_a
HIS
245
_a
The World of Humanism 1453-1517
_c
Gilmore, M.P
942
_2
udc
_c
BK
999
_c
54159
_d
54159